Les pays qui ont remporté la coupe du monde de football - Statistiques

Statistiques générales
  • Ce quiz a été pris 176 fois
  • Le résultat moyen est 7 sur 8
Statistiques - réponses
Nombre de
coupes du monde
Pays % Correct
2 France
100%
5 Brésil
99%
4 Allemagne
97%
3 Argentine
95%
1 Espagne
91%
4 Italie
91%
1 Angleterre
84%
2 Uruguay
84%
Aucun quiz correspondant
Distribution des résultats
% des personnes avec chaque résultat
Percentile par nombre de réponses
Votre historique - résultats
Vous n’avez pas pris ce quiz